000
00328pab a2200133 454500
008
180718b1990 xxu||||| |||| 00| 0 eng d
245
_a
PERT/Cost - a versatile project management tool
260
_c
1990
300
_a
905-9
362
_a
May
650
_a
Project Management
773
_a
Chartered Accountant
909
_a
15682
999
_c
15682
_d
15682